Obras Sociales en CITO Quiz Stats

 Plays Quiz not verified by Sporcle

Also try: Types of Seats
Challenge
Share
Tweet
Embed
Score 0/23 Timer 04:00
0 Plays Today
Numero Answer % Correct
1Cemic
66.7%
20PAMI
66.7%
21PAMI Veteranos
66.7%
14OSPE
66.7%
9OSBA
33.3%
17OSPSIP
33.3%
5IOMA
33.3%
16OSPIV
33.3%
22Poder Judicial
33.3%
10OSDE
33.3%
7Medicus
33.3%
23ROISA
33.3%
Numero Answer % Correct
3Ensalud
33.3%
2Centro Medico Pueyrredon
33.3%
8OSAMOC
33.3%
11OSDEPYM
33.3%
18OSSIMRA
33.3%
6Jerarquicos
33.3%
4Health Medical
33.3%
15OSPEGAP
33.3%
12OSFA
33.3%
19OSTCARA
0%
13OSFATLYF
0%

You're not logged in!

Compare scores with friends on all Sporcle quizzes.
Join for Free
OR
Log In

You Might Also Like...

Show Comments

Extras

Created Jun 6, 2017ReportNominate
Tags:bra, social

Top Quizzes Today


Score Distribution

Your Account Isn't Verified!

In order to create a playlist on Sporcle, you need to verify the email address you used during registration. Go to your Sporcle Settings to finish the process.

Report this User

Report this user for behavior that violates our Community Guidelines.

Details: